Catalog

Record Details

Catalog Search



Tombstone conspiracy : a western story  Cover Image Book Book

Tombstone conspiracy : a western story / by Tim Champlin.

Record details

  • ISBN: 0786209984
  • Physical Description: 240 pages ; 22 cm.
  • Edition: 1st edition
  • Publisher: Thorndike, Me. : Five Star, 1999.

Content descriptions

General Note:
"Five Star western"--T.p. verso.

Available copies

  • 1 of 1 copy available at scottsboropl.

Holds

  • 0 current holds with 1 total copy.
Show Only Available Copies
Location Call Number / Copy Notes Barcode Shelving Location Status Due Date
scottsboropl F Cha 32269000594906 Adult - Fiction Available -

LDR 00721cam a2200229 a 4500
001125691
003CONS
00520140703073303.0
008990528s1999 meu 000 1 eng
010 . ‡a 99035659
020 . ‡a0786209984
035 . ‡a(CPomAG)LMN492289
05000. ‡aPS3553.H265 ‡bT66 1999
08200. ‡a813/.54 ‡221
1001 . ‡aChamplin, Tim, ‡d1937-
24510. ‡aTombstone conspiracy : ‡ba western story / ‡cby Tim Champlin.
250 . ‡a1st edition
260 . ‡aThorndike, Me. : ‡bFive Star, ‡c1999.
300 . ‡a240 pages ; ‡c22 cm.
500 . ‡a"Five Star western"--T.p. verso.
959 . ‡i32269000594906 ‡lF Cha ‡aAdult - Fiction ‡tFiction ‡g19.95
852 . ‡p32269000594906 ‡jF Cha ‡gAdult - Fiction ‡cFiction ‡y19.95 ‡bSBPL
901 . ‡a125691 ‡bUnknown ‡c125691 ‡tbiblio

Additional Resources